000 00368nam a22001217a 4500
040 _cNUST
082 _a297,AHM
100 _aAhmed, Ishtiaq
_989835
245 _aPurani Kitab:
_b(Qissa Hazrat Idrees A.S) / پرانی کتاب قصہ سید نا ادریس /
_cIshtiaq Ahmed
260 _aLahore
_bDar-us-Salam
_c2005
300 _a24 p.;
942 _2ddc
_cBK
_k297,AHM
999 _c593312
_d593312